Rozpočet obce a návrhy na jeho zlepšenie diplomová práca

Gespeichert in:
Bibliographische Detailangaben
1. Verfasser: Berešová, Františka
Körperschaft: Podnikovohospodárska fakulta EU so sídlom v Košiciach. Katedra účtovníctva a financií
Weitere Verfasser: Czillingová, Jana
Format: Buch
Sprache:Slowakisch
Veröffentlicht: Košice 2013
Tags: Tag hinzufügen
Keine Tags, Fügen Sie das erste Tag hinzu!

MARC

LEADER 00000nbm a2200000 4500
001 0170164
005 20161109102325.1
041 0 |a slo 
044 |a SK 
245 1 0 |a Rozpočet obce a návrhy na jeho zlepšenie  |b diplomová práca  |c Františka Berešová ; školiteľ: Jana Czillingová 
264 1 |a Košice  |c 2013 
300 |a 87 s. 
100 1 |a Berešová, Františka 
700 1 |a Czillingová, Jana 
710 2 |a Podnikovohospodárska fakulta EU so sídlom v Košiciach. Katedra účtovníctva a financií